<?xml version="1.0" encoding="UTF-8"?>
<collection xmlns="http://www.loc.gov/MARC21/slim">
 <record>
  <leader>00675pamaa2200157   4500</leader>
  <controlfield tag="001">0000036026</controlfield>
  <controlfield tag="005">20110104090000.0</controlfield>
  <datafield tag="020" ind1="0" ind2="0">
   <subfield code="a">[ nil ] </subfield>
  </datafield>
  <datafield tag="090" ind1="0" ind2="0">
   <subfield code="a">QA76 </subfield>
   <subfield code="b">BEH 2003</subfield>
  </datafield>
  <datafield tag="100" ind1="1" ind2="0">
   <subfield code="a">BEH WOON PIN </subfield>
  </datafield>
  <datafield tag="245" ind1="1" ind2="0">
   <subfield code="a">Real-Time Compression To Accelerate Internet Application by Beh Woon Pin.</subfield>
  </datafield>
  <datafield tag="260" ind1="0" ind2="0">
   <subfield code="a">Nilai: </subfield>
   <subfield code="b">INTI College Malaysia, </subfield>
   <subfield code="c">April 2003.</subfield>
  </datafield>
  <datafield tag="300" ind1=" " ind2=" ">
   <subfield code="a">Number 11.</subfield>
  </datafield>
  <datafield tag="440" ind1="0" ind2="0">
   <subfield code="a">A dissertation submitted in partial fulfilment of the requirement of an Honours Degree in Computer Systems and Networks at Conventry University under the management and supervision of School of Computing and IT, INTI College Malaysia</subfield>
  </datafield>
  <datafield tag="650" ind1="0" ind2="0">
   <subfield code="a">Dissertations -- </subfield>
   <subfield code="x">Computer Systems and Networks </subfield>
  </datafield>
 </record>
</collection>
